Sports Quiz

Random Sports Quiz

ECW Trivia Quiz Stats

Quiz not verified by Sporcle

Challenge
Share
Tweet
Embed
Score 0/15 Timer 05:00
0 Plays Today
Hint Answer % Correct
Most ECW ReignsThe Sandman
83.3%
Last ECW ChampionRhyno
78.6%
Founder of ECWTod Gordon
78.6%
Man who Broke his neck twice in ECWSabu
78.6%
First ECW ChampionShane Douglas
71.4%
Announcer of ECWJoey Styles
61.9%
Manager of mainly RVD and Sabu Bill Alfonso
47.6%
Most ECW Tag Team Championship ReignsThe Dudley Boyz
42.9%
Hint Answer % Correct
Last ECW PPVGuilty As Charged
35.7%
Last Ecw Tag Team Champion 2 of 2Roadkill
28.6%
Biggest PPV EventNovember to Remember
21.4%
First Ecw Tag Team Champion 2 out of 2Mikey Whipwreck
19%
First Ecw Tag Team Champion 1 out of 2Cactus Jack
16.7%
Name of Ecw TV show not shown on TNNECW Hardcore TV
11.9%
Last Ecw Tag Team Champion 1 of 2Danny Doaring
2.4%

You're not logged in!

Compare scores with friends on all Sporcle quizzes.
Join for Free
OR
Log In

You Might Also Like...

Show Comments

Extras

Created Nov 20, 2014ReportNominate
Tags:ecw

Top Quizzes Today


Score Distribution

Your Account Isn't Verified!

In order to create a playlist on Sporcle, you need to verify the email address you used during registration. Go to your Sporcle Settings to finish the process.

Report this User

Report this user for behavior that violates our Community Guidelines.

Details: